Normal view MARC view
  • Trastorno por déficit de atención con hiperactividad

Entry Materia

Number of records used in: 16

001 - NÚMERO DE CONTROL DEL REGISTRO

  • campo de control: 53508

003 - IDENTIFICADOR DE NUMERO DE CONTROL

  • campo de control: DLC

005 - FECHA Y HORA DE LA ÚLTIMA TRANSACCIÓN

  • campo de control: 20240910113327.0

008 - DATOS DE LONGITUD FIJA

  • campo de control de longitud fija: 240910|| aca||babn | a|a d

010 ## - NÚMERO DE CONTROL DE LA BIBLIOTECA DEL CONGRESO (LC)

  • LC control number: sh 85063661

035 ## - NÚMERO DE CONTROL DEL SISTEMA

  • Número de control del sistema: (DLC)sh 85063661

035 ## - NÚMERO DE CONTROL DEL SISTEMA

  • Número de control del sistema: (DLC)61547

040 ## - FUENTE DE LA CATALOGACIÓN

  • Centro catalogador de origen: DLC
  • Lengua de catalogación: spa
  • Agencia de transcripción: DLC
  • Agencia de modificación: DLC
  • Agencia de modificación: MX-MxUPN

053 #0 - NÚMERO CLASIFICADOR - BIBLIOTECA DEL CONGRESO (LC)

  • Elemento numérico de la clasificación - Número único o no. inicial del rango: RJ506.H9
  • Frase explicativa: Pediatras

053 #0 - NÚMERO CLASIFICADOR - BIBLIOTECA DEL CONGRESO (LC)

  • Elemento numérico de la clasificación - Número único o no. inicial del rango: RC394.A85
  • Frase explicativa: Adultos

150 ## - ENCABEZAMIENTO - TEMÁTICO

  • Término de materia o nombre geográfico como elemento inicial: Trastorno por déficit de atención con hiperactividad

450 ## - VÉASE - MATERIA

  • Encabezamiento temático: ADHD (Attention-deficit hyperactivity disorder)

450 ## - VÉASE - MATERIA

  • Encabezamiento temático: ADD (Attention-deficit disorders)

450 ## - VÉASE - MATERIA

  • Encabezamiento temático: TDAH

670 ## - FUENTE EN LA QUE SE LOCALIZARON DATOS

  • Cita de la fuente: Autoridades LC, 10 septiembre 2024 :
  • Información localizada: (Attention-deficit hyperactivity disorder)
  • Identificador Uniforme del Recurso: https://lccn.loc.gov/sh85063661

902 ## - CATALOGADOR

  • Catalogador: MaríaRobles/100924